000 00996cam a22002655a 4500
001 17534702
003 Nust- CAS-E
005 20180118181401.0
008 121119s2012 nyu 000 0 eng
010 _a 2012954271
020 _a9781461458296
040 _aDLC
_cDLC
_dDLC
042 _apcc
082 _a621.31
_bBEG 2012
100 1 _aBegovic, Miroslav M.
245 1 0 _aElectrical transmission systems and smart grids :
_bselected entries from the encyclopedia of sustainability science and technology /
_cMiroslav M. Begovic.
260 _aNew York :
_bSpringer,
_c2012.
263 _a1211
300 _ap. cm.
856 4 2 _3Publisher description
_uhttp://www.loc.gov/catdir/enhancements/fy1313/2012954271-d.html
856 4 1 _3Table of contents only
_uhttp://www.loc.gov/catdir/enhancements/fy1313/2012954271-t.html
906 _a0
_bibc
_corignew
_d2
_eepcn
_f20
_gy-gencatlg
942 _2ddc
_cBK
999 _c355407
_d355407